1866 1423 1477 1058 1621 1999 1787 1774 1964 1520 1166 1702 1591 1552 1326 1618 1327 1323 1437 1174 1806 1074 1497 1522 1039 1328 1623 1983 1848 1847 1960 1365 1506 1090 1068 1001 1437 1468 1924 1395 1031 1168 1753 1870 1686 1774 1181 1932 1826 1632 1287 1770 1710 1659 1227 1596 1778 1915 1916 1131 1500 1246 1043 1370 1201 1765 1635 1213 1772 1978 1927 1258 1337 1234 1956 1854 1270 1138 1279 1184 1509 1969 1483 1489 1054 1254 1039 1684 1685 1629 1283 1097 1584 1868 1743 1344 1000 1397 1495 BCNSPRNW ULIB Ver.6.0+V

เปลี่ยนเป็นภาษาไทย

Change to English
 แสดงรายละเอียดบรรณานุกรม
  กลับหน้าหลัก

Brief Record : Get Marc (ISO 2709) : E-mail record : QR code < ปิดหน้าต่าง
LEADER : 00000nam 2200000uu 4500
001    13399128034
003     ULIB
008    220118s2562||||th 000 0 tha d
020    ^a9786160446353
050  4 ^aQA107.2^bก182ก
100 1  ^aกวังบก, ชิน
245 10 ^aเก่งคณิตด้วยตัวเองจนคุณครูตกใจ :^bคณิตศาสตร์ในชีวิตประจำวัน =Mastering elementary math :^bthe world looking through the mathematics /^cShin Gwangbok ; ภาพประกอบ, Lee Wonhui ; แปล, ธัชชา ธีรปกรณ์ชัย
246 31 ^aMastering elementary math : the world looking through the mathematics
260    ^aกรุงเทพฯ :^bนานมีบุ๊คส์,^c2562
300    ^a183 หน้า :^bภาพประกอบ
490    ^aชุด เก่งวิทย์ด้วยตัวเองจนคุณครูตกใจ
650  4 ^aคณิตศาสตร์^xการศึกษาและการสอน
650  4 ^aคณิตศาสตร์
700 0  ^aLee, Wonhui
700 0  ^aธัชชา ธีรปกรณ์ชัย,^eผู้แปล
700 1  ^aGwangbok, Shin
945    ^p225^l0^i29179
999    ^aกัณชพร จุลอักษร
รายการนี้ยังไม่มีแท็ก
คุณยังไม่ได้ล็อกอิน คุณสามารถมีกิจกรรมร่วมกับเว็บไซต์ได้ แต่ต้องล็อกอินก่อน ::
  ล็อกอิน

รายการสื่อสารสนเทศ

ลำดับที่ ประเภท เลขเรียก/บาร์โค้ด สถานที่ สถานะ
1. วิทยาศาสตร์การแพทย์ และสุขภาพ
วิทยาศาสตร์การแพทย์ และสุขภาพ
QA107.2 ก182ก ฉ.1 
  Barcode: 29179
ห้องสมุดวิทยาเขตนครสวรรค์
►หนังสือทั่วไป:l:General Books
บนชั้น

รายการใกล้เคียง
    ผู้แต่ง [กวังบก, ชิน]

    หัวเรื่อง [คณิตศาสตร์]

BibComment


ยังไม่เคยถูกคอมเมนท์

คอมเมนท์ทรัพยากรรายการนี้
  คอมเมนท์: เก่งคณิตด้วยตัวเ..


 Copyright 2026. Bcnsprnw @Library